[Event "Stay Safe Play From Home 342"]
[Site "Emanuel Lasker Arena"]
[Date "2020.07.29"]
[Round "1"]
[White "Hickey"]
[Black "Mw testing"]
[Result "1-0"]
[WhiteElo "2154"]
[BlackElo "1779"]
[Annotator "TA"]
[PlyCount "75"]
[EventDate "2020.07.29"]
[EventType "swiss (blitz)"]

{[%evp 22,75,45,25,60,58,85,-11,0,-27,-17,-17,65,71,60,65,141,68,145,-23,-27,-35,-20,-85,-87,-106,0,0,0,0,0,0,0,-147,-143,-208,-107,-107,-107,-107,-106,-103,-74,-101,-131,-131,-62,-185,-100,-102,0,0,0,-25,1517,1378]} 1. Nf3 d5 2. g3 c5 3. Bg2 Nc6 4. O-O Nf6 5. d4 e6 6. c4 Be7 7. Nc3 O-O 8. cxd5 exd5 9. Bg5 cxd4 10. Nxd4 h6 11. Bf4 Re8 12. Rc1 Bg4 {D34: Tarrasch Defence: 6 g3 Nf6 7 Bg2 Be7.} 13. h3 Be6 14. Nxc6 (14. Nxe6 $16 fxe6 15. e4) 14... bxc6 $11 {The position is equal.} 15. Na4 {[#]} Rc8 $146 ({Predecessor:} 15... Qd7 16. Kh2 Bf5 17. Nc5 Bxc5 18. Rxc5 Qb7 19. b3 Qa6 20. a4 Rxe2 21. Rxc6 Qxc6 22. Qxe2 {1-0 (99) Cramling,P (2539)-Vajda,S (2413) Plovdiv 2008}) 16. Nc5 Qa5 (16... Bf5 $11) 17. Nxe6 $14 fxe6 18. Qc2 c5 (18... Kf7 $14) 19. b3 ({White should try} 19. Qg6 $16) 19... Qb4 (19... Bf8 $14) 20. Bxh6 $2 (20. Qg6 $16) 20... gxh6 $11 21. Qg6+ Kf8 22. Qxh6+ (22. Rce1 $11) 22... Kf7 $17 23. e4 Nxe4 (23... Bf8 $17 24. Qg5 Nxe4 25. Qh5+ Kg8) 24. Qh7+ $11 Kf8 {Threatens to win with ...Nf6.} 25. Qh8+ Kf7 26. Qh7+ Kf8 {And now ...Nf6 would win.} 27. a3 (27. Rc4 $11 {remains equal.} dxc4 28. Qh6+ Kf7 29. Qh7+ Kf6 30. Qh6+ Kf7 31. Qh7+ Kf8 32. Qh8+ Kf7 33. Qh7+) 27... Qd4 $17 ({Worse is} 27... Qxa3 28. Qh6+ (28. Bxe4 Bf6 $16) 28... Kg8 29. Qxe6+ Kg7 30. Qg4+ (30. Qxd5 Ng5 $18) (30. Bxe4 dxe4 31. Qg4+ Kf8 $11) 30... Kf7 31. Qf5+ (31. Bxe4 dxe4 32. Qh5+ Kf8 $16) 31... Kg7 32. Ra1 $16 (32. Qxd5 Ng5 $16)) (27... Qxb3 $6 28. Qh6+ Kf7 29. Bxe4 $11) 28. Rcd1 (28. Rce1 $17 {was necessary.}) 28... Qg7 (28... Ng5 $19 29. Qh5 Qg7) 29. Bxe4 dxe4 30. Qxe4 Bf6 31. Rd3 Kg8 32. Rfd1 Bd4 33. Kg2 Rf8 (33... Re7 $17 34. b4 Rf8) 34. f4 {[#]} (34. Qxe6+ $15 Kh8 35. R1d2) 34... Rf6 (34... e5 $1 $19 {...Rxf4 is the strong threat.} 35. f5 Rb8) 35. b4 {[#]} Rg6 ({Better is} 35... e5 $1 $17 {aiming for ...Rxf4.} 36. fxe5 Rf2+ 37. Kh1 Re8 38. Qd5+ Kh7 39. Qe4+ Qg6 40. Qxg6+ Kxg6 41. bxc5 Bxc5) 36. bxc5 $11 Bxc5 37. Rd8+ Kh7 $2 {[%mdl 8192]} (37... Rxd8 $11 38. Rxd8+ Kh7) 38. Rxc8 {Accuracy: White = 46%, Black = 28%.} 1-0

[Event "Stay Safe Play From Home 342"]
[Site "Emanuel Lasker Arena"]
[Date "2020.07.29"]
[Round "1"]
[White "Lazieri3"]
[Black "Erdema"]
[Result "1-0"]
[WhiteElo "2010"]
[BlackElo "1581"]
[PlyCount "59"]
[EventDate "2020.07.29"]
[EventType "swiss (blitz)"]

1. e4 {[%emt 0:00:03]} e5 {[%emt 0:00:02]} 2. Nf3 {[%emt 0:00:01]} Nc6 {[%emt 0:00:01]} 3. Bc4 {[%emt 0:00:01]} Bc5 {[%emt 0:00:02]} 4. c3 {[%emt 0:00:02]} d6 {[%emt 0:00:02]} 5. d4 {[%emt 0:00:01]} exd4 {[%emt 0:00:01]} 6. cxd4 {[%emt 0:00:00]} Bb4+ {[%emt 0:00:01]} 7. Nc3 {[%emt 0:00:00]} h6 {[%emt 0:00:05]} 8. O-O {[%emt 0:00:02]} Nf6 {[%emt 0:00:02]} 9. e5 {[%emt 0:00:12]} dxe5 {[%emt 0:00:03]} 10. dxe5 {[%emt 0:00:05]} Qxd1 {[%emt 0:00:03]} 11. Rxd1 {[%emt 0:00:00]} Ng4 {[%emt 0:00:04]} 12. Nd5 {[%emt 0:00:11]} Ba5 {[%emt 0:00:10]} 13. a3 {[%emt 0:00:14]} O-O {[%emt 0:00:03]} 14. b4 {[%emt 0:00:02]} Bb6 {[%emt 0:00:01]} 15. Nxb6 {[%emt 0:00:03]} axb6 {[%emt 0:00:01]} 16. Bb2 {[%emt 0:00:02]} h5 {[%emt 0:00:16]} 17. h3 {[%emt 0:00:03]} Nh6 {[%emt 0:00:01]} 18. Ng5 {[%emt 0:00:01]} Bf5 {[%emt 0:00:04]} 19. e6 {[%emt 0:00:05]} fxe6 {[%emt 0:00:13]} 20. Bxe6+ {[%emt 0:00:12]} Bxe6 {[%emt 0:00:05]} 21. Nxe6 {[%emt 0:00:00]} Rf7 {[%emt 0:00:06]} 22. Rd5 {[%emt 0:00:25]} g6 {[%emt 0:00:05]} 23. Ng5 {[%emt 0:00:04]} Re7 {[%emt 0:00:13]} 24. Bf6 {[%emt 0:00:11]} Ree8 {[%emt 0:00:18]} 25. Rd7 {[%emt 0:00:02]} Nf5 {[%emt 0:00:02]} 26. g4 {[%emt 0:00:03]} hxg4 {[%emt 0:00:02]} 27. hxg4 {[%emt 0:00:00]} Nfe7 {[%emt 0:00:14]} 28. Re1 {[%emt 0:00:10]} Nd5 {[%emt 0:00:14]} 29. Rg7+ {[%emt 0:00:04]} Kf8 {[%emt 0:00:03]} 30. Nh7# {[%emt 0:00:01] (Lag: Av=0.79s, max=1.1s)} 1-0

[Event "Stay Safe Play From Home 342"]
[Site "Emanuel Lasker Arena"]
[Date "2020.07.29"]
[Round "1"]
[White "Greblha"]
[Black "Marcus Wolters"]
[Result "1-0"]
[WhiteElo "2003"]
[BlackElo "1359"]
[PlyCount "91"]
[EventDate "2020.07.29"]
[EventType "swiss (blitz)"]

1. e4 {[%emt 0:00:02]} d5 {[%emt 0:00:01]} 2. Nc3 {[%emt 0:00:03]} dxe4 {[%emt 0:00:02]} 3. Nxe4 {[%emt 0:00:02]} Bf5 {[%emt 0:00:01]} 4. Ng3 {[%emt 0:00:01]} Bg6 {[%emt 0:00:02]} 5. N1e2 {[%emt 0:00:01]} Nf6 {[%emt 0:00:05]} 6. Nf4 {[%emt 0:00:01]} e6 {[%emt 0:00:01]} 7. h4 {[%emt 0:00:03]} Bd6 {[%emt 0:00:22]} 8. d4 {[%emt 0:00:12]} Ne4 {[%emt 0:01:08]} 9. Nxe4 {[%emt 0:00:27]} Bxe4 {[%emt 0:00:05]} 10. c3 {[%emt 0:00:21]} c6 {[%emt 0:00:14]} 11. Qg4 {[%emt 0:00:14]} Qf6 {[%emt 0:00:44]} 12. Nh5 {[%emt 0:00:17]} Qg6 {[%emt 0:00:11]} 13. Nxg7+ {[%emt 0:00:51]} Kf8 {[%emt 0:00:14]} 14. Qxg6 {[%emt 0:00:08]} hxg6 {[%emt 0:00:04]} 15. f3 {[%emt 0:00:06]} Bc2 {[%emt 0:00:07]} 16. b3 {[%emt 0:00:18]} Bg3+ {[%emt 0:00:06]} 17. Kd2 {[%emt 0:00:01]} Bxb3 {[%emt 0:00:11]} 18. axb3 {[%emt 0:00:12]} Kxg7 {[%emt 0:00:09]} 19. h5 {[%emt 0:00:07]} Bf4+ {[%emt 0:00:05]} 20. Kc2 {[%emt 0:00:07]} Bxc1 {[%emt 0:00:02]} 21. Rxc1 {[%emt 0:00:01]} Rxh5 {[%emt 0:00:02]} 22. Rxh5 {[%emt 0:00:03]} gxh5 {[%emt 0:00:01]} 23. Bd3 {[%emt 0:00:04]} Nd7 {[%emt 0:00:02]} 24. Rh1 {[%emt 0:00:02]} Nf6 {[%emt 0:00:07]} 25. c4 {[%emt 0:00:04]} Rd8 {[%emt 0:00:02]} 26. Kc3 {[%emt 0:00:01]} Rh8 {[%emt 0:00:03]} 27. b4 {[%emt 0:00:02]} h4 {[%emt 0:00:03]} 28. Ra1 {[%emt 0:00:02]} a6 {[%emt 0:00:03]} 29. b5 {[%emt 0:00:02]} cxb5 {[%emt 0:00:02]} 30. cxb5 {[%emt 0:00:01]} axb5 {[%emt 0:00:01]} 31. Bxb5 {[%emt 0:00:03]} Nd5+ {[%emt 0:00:02]} 32. Kc4 {[%emt 0:00:03]} b6 {[%emt 0:00:01]} 33. Bc6 {[%emt 0:00:02]} Rh5 {[%emt 0:00:02]} 34. Bxd5 {[%emt 0:00:07]} exd5+ {[%emt 0:00:03]} 35. Kb5 {[%emt 0:00:02]} Rg5 {[%emt 0:00:01]} 36. Ra2 {[%emt 0:00:01]} Rh5 {[%emt 0:00:02]} 37. Kxb6 {[%emt 0:00:01]} h3 {[%emt 0:00:01]} 38. gxh3 {[%emt 0:00:01]} Rxh3 {[%emt 0:00:01]} 39. Rf2 {[%emt 0:00:00]} Kf6 {[%emt 0:00:01]} 40. Kc5 {[%emt 0:00:01]} Rh5 {[%emt 0:00:05]} 41. Re2 {[%emt 0:00:01]} Rf5 {[%emt 0:00:14]} 42. Re3 {[%emt 0:00:01]} Kg6 {[%emt 0:00:02]} 43. Kd6 {[%emt 0:00:01]} f6 {[%emt 0:00:02]} 44. Ra3 {[%emt 0:00:03]} Kg5 {[%emt 0:00:01]} 45. Ke6 {[%emt 0:00:01]} Kf4 {[%emt 0:00:02]} 46. Rb3 {[%emt 0:00:04] Zeit (Lag: Av=0.68s, max=0.9s)} 1-0

[Event "Stay Safe Play From Home 342"]
[Site "Emanuel Lasker Arena"]
[Date "2020.07.29"]
[Round "1"]
[White "Hai Anh"]
[Black "Don59as"]
[Result "0-1"]
[WhiteElo "1620"]
[BlackElo "2004"]
[Annotator "NA"]
[PlyCount "44"]
[EventDate "2020.07.29"]
[EventType "swiss (blitz)"]

1. e4 {[%emt 0:00:05]} e5 {[%emt 0:00:02]} 2. Nf3 {[%emt 0:00:03]} Nc6 {[%emt 0:00:11]} 3. Nc3 {[%emt 0:00:09]} d6 {[%emt 0:00:02]} 4. d3 {[%emt 0:00:05]} f5 {[%emt 0:00:04]} 5. Bg5 {[%emt 0:00:11]} Be7 {[%emt 0:00:07]} 6. Bxe7 {[%emt 0:00:02]} Ngxe7 {[%emt 0:00:00]} 7. Qd2 {[%emt 0:00:04]} O-O {[%emt 0:00:02]} 8. O-O-O {[%emt 0:00:02]} d5 {[%emt 0:00:14]} 9. h3 {[%emt 0:00:10]} d4 {[%emt 0:00:14]} 10. Na4 {[%emt 0:00:08]} b5 {[%emt 0:00:18]} 11. Nc5 {[%emt 0:00:11]} Qd6 {[%emt 0:00:02]} 12. Nb3 {[%emt 0:00:13]} a5 {[%emt 0:00:04]} 13. Qg5 {[%emt 0:00:28]} a4 {[%emt 0:00:19]} 14. Nbd2 {[%emt 0:00:02]} f4 {[%emt 0:00:18]} 15. g3 {[%emt 0:00:37]} Qc5 {[%emt 0:00:25]} 16. gxf4 {[%emt 0:00:18]} Rxf4 {[%emt 0:00:21]} 17. Rg1 {[%emt 0:00:21]} Rf7 {[%emt 0:00:10]} 18. Nh4 {[%emt 0:00:19]} Nb4 {[%emt 0:00:08]} 19. c4 {[%emt 0:00:30]} dxc3 {[%emt 0:00:07]} 20. bxc3 {[%emt 0:00:17]} Qxc3+ {[%emt 0:00:03]} 21. Kb1 {[%emt 0:00:06]} Qc2+ {[%emt 0:00:01]} 22. Ka1 {[%emt 0:00:02]} Qxa2# {[%emt 0:00:01] Mate} 0-1

[Event "Stay Safe Play From Home 342"]
[Site "Emanuel Lasker Arena"]
[Date "2020.07.29"]
[Round "1"]
[White "Timbre"]
[Black "Ionelluca"]
[Result "0-1"]
[WhiteElo "1593"]
[BlackElo "1968"]
[PlyCount "96"]
[EventDate "2020.07.29"]
[EventType "swiss (blitz)"]

1. d4 {[%emt 0:00:19]} Nf6 {[%emt 0:00:02]} 2. Nf3 {[%emt 0:00:01]} b6 {[%emt 0:00:02]} 3. c3 {[%emt 0:00:01]} Bb7 {[%emt 0:00:01]} 4. Bf4 {[%emt 0:00:01]} d6 {[%emt 0:00:02]} 5. e3 {[%emt 0:00:01]} Nbd7 {[%emt 0:00:01]} 6. Be2 {[%emt 0:00:01]} g6 {[%emt 0:00:01]} 7. Nbd2 {[%emt 0:00:02]} Bg7 {[%emt 0:00:01]} 8. h3 {[%emt 0:00:01]} O-O {[%emt 0:00:05]} 9. O-O {[%emt 0:00:02]} Re8 {[%emt 0:00:01]} 10. Re1 {[%emt 0:00:04]} e5 {[%emt 0:00:01]} 11. dxe5 {[%emt 0:00:02]} dxe5 {[%emt 0:00:02]} 12. Bg5 {[%emt 0:00:04]} h6 {[%emt 0:00:02]} 13. Bxf6 {[%emt 0:00:02]} Qxf6 {[%emt 0:00:05]} 14. Qc2 {[%emt 0:00:03]} Rad8 {[%emt 0:00:02]} 15. Ne4 {[%emt 0:00:04]} Qc6 {[%emt 0:00:02]} 16. Ng3 {[%emt 0:00:05]} Nf6 {[%emt 0:00:10]} 17. a4 {[%emt 0:00:06]} a6 {[%emt 0:00:02]} 18. b4 {[%emt 0:00:03]} Ne4 {[%emt 0:00:16]} 19. b5 {[%emt 0:00:04]} Qxc3 {[%emt 0:00:04]} 20. Qxc3 {[%emt 0:00:05]} Nxc3 {[%emt 0:00:01]} 21. bxa6 {[%emt 0:00:05]} Nxe2+ {[%emt 0:00:01]} 22. Nxe2 {[%emt 0:00:03]} Bxa6 {[%emt 0:00:01]} 23. Ng3 {[%emt 0:00:03]} f5 {[%emt 0:00:18]} 24. a5 {[%emt 0:00:04]} e4 {[%emt 0:00:09]} 25. Nd4 {[%emt 0:00:11]} Bd3 {[%emt 0:00:13]} 26. axb6 {[%emt 0:00:05]} cxb6 {[%emt 0:00:01]} 27. Ra7 {[%emt 0:00:09]} Bxd4 {[%emt 0:00:05]} 28. exd4 {[%emt 0:00:03]} Rxd4 {[%emt 0:00:01]} 29. Rc1 {[%emt 0:00:06]} Rc4 {[%emt 0:00:03]} 30. Rca1 {[%emt 0:00:08]} Rec8 {[%emt 0:00:01]} 31. Kh2 {[%emt 0:00:05]} R4c7 {[%emt 0:00:05]} 32. R7a3 {[%emt 0:00:09]} b5 {[%emt 0:00:05]} 33. R1a2 {[%emt 0:00:03]} b4 {[%emt 0:00:02]} 34. Ra5 {[%emt 0:00:04]} b3 {[%emt 0:00:02]} 35. Rb2 {[%emt 0:00:02]} Rb8 {[%emt 0:00:05]} 36. Ra3 {[%emt 0:00:05]} Bc4 {[%emt 0:00:08]} 37. Nh1 {[%emt 0:00:12]} Bd5 {[%emt 0:00:01]} 38. Ng3 {[%emt 0:00:07]} Rc2 {[%emt 0:00:04]} 39. Rxc2 {[%emt 0:00:11]} bxc2 {[%emt 0:00:02]} 40. Rc3 {[%emt 0:00:01]} Rb2 {[%emt 0:00:10]} 41. Ne2 {[%emt 0:00:04]} Bb3 {[%emt 0:00:08]} 42. Nc1 {[%emt 0:00:07]} Ba4 {[%emt 0:00:03]} 43. Ne2 {[%emt 0:00:04]} Rb1 {[%emt 0:00:05]} 44. Kg3 {[%emt 0:00:06]} Re1 {[%emt 0:00:03]} 45. Rc8+ {[%emt 0:00:15]} Kf7 {[%emt 0:00:03]} 46. Rc7+ {[%emt 0:00:01]} Ke8 {[%emt 0:00:02]} 47. Rc8+ {[%emt 0:00:10]} Kd7 {[%emt 0:00:01]} 48. Rxc2 {[%emt 0:00:02]} Bxc2 {[%emt 0:00:02] Timbre resigns (Lag: Av=0.45s, max=1.0s)} 0-1

[Event "Stay Safe Play From Home 342"]
[Site "Emanuel Lasker Arena"]
[Date "2020.07.29"]
[Round "1"]
[White "Canpawn"]
[Black "Haris kollari 13"]
[Result "0-1"]
[WhiteElo "1338"]
[BlackElo "1884"]
[Annotator "NA"]
[PlyCount "96"]
[EventDate "2020.07.29"]
[EventType "swiss (blitz)"]

1. e4 {[%emt 0:00:03]} e6 {[%emt 0:00:01]} 2. Nf3 {[%emt 0:00:01]} d5 {[%emt 0:00:01]} 3. exd5 {[%emt 0:00:01]} exd5 {[%emt 0:00:00]} 4. Bb5+ {[%emt 0:00:02]} c6 {[%emt 0:00:02]} 5. Ba4 {[%emt 0:00:03]} Bg4 {[%emt 0:00:01]} 6. O-O {[%emt 0:00:02]} a5 {[%emt 0:00:01]} 7. c3 {[%emt 0:00:05]} Be7 {[%emt 0:00:02]} 8. Re1 {[%emt 0:00:02]} Nf6 {[%emt 0:00:01]} 9. h3 {[%emt 0:00:01]} Bh5 {[%emt 0:00:01]} 10. Bc2 {[%emt 0:00:02]} O-O {[%emt 0:00:02]} 11. g4 {[%emt 0:00:02]} Bg6 {[%emt 0:00:05]} 12. Ne5 {[%emt 0:00:05]} Bd6 {[%emt 0:00:03]} 13. Nxg6 {[%emt 0:00:04]} hxg6 {[%emt 0:00:01]} 14. Kg2 {[%emt 0:00:04]} Bc7 {[%emt 0:00:01]} 15. d4 {[%emt 0:00:02]} Qd6 {[%emt 0:00:02]} 16. Rh1 {[%emt 0:00:05]} Nbd7 {[%emt 0:00:02]} 17. Be3 {[%emt 0:00:02]} Rae8 {[%emt 0:00:02]} 18. Nd2 {[%emt 0:00:01]} Re7 {[%emt 0:00:04]} 19. Nf3 {[%emt 0:00:01]} Rfe8 {[%emt 0:00:02]} 20. Ne5 {[%emt 0:00:02]} Nxe5 {[%emt 0:00:03]} 21. dxe5 {[%emt 0:00:01]} Qxe5 {[%emt 0:00:03]} 22. Bd4 {[%emt 0:00:01]} Qd6 {[%emt 0:00:03]} 23. Bd3 {[%emt 0:00:09]} Ne4 {[%emt 0:00:03]} 24. Qf3 {[%emt 0:00:07]} c5 {[%emt 0:00:04]} 25. Be3 {[%emt 0:00:03]} c4 {[%emt 0:00:03]} 26. Bc2 {[%emt 0:00:02]} b5 {[%emt 0:00:02]} 27. a4 {[%emt 0:00:04]} b4 {[%emt 0:00:01]} 28. cxb4 {[%emt 0:00:02]} axb4 {[%emt 0:00:01]} 29. b3 {[%emt 0:00:01]} Nf6 {[%emt 0:00:08]} 30. Rad1 {[%emt 0:00:05]} Ne4 {[%emt 0:00:10]} 31. Bxe4 {[%emt 0:00:03]} Rxe4 {[%emt 0:00:01]} 32. Rd2 {[%emt 0:00:04]} cxb3 {[%emt 0:00:04]} 33. Rhd1 {[%emt 0:00:02]} Qh2+ {[%emt 0:00:01]} 34. Kf1 {[%emt 0:00:02]} d4 {[%emt 0:00:08]} 35. Rxd4 {[%emt 0:00:02]} Rxd4 {[%emt 0:00:02]} 36. Rxd4 {[%emt 0:00:01]} Bb6 {[%emt 0:00:01]} 37. Rxb4 {[%emt 0:00:02]} Bxe3 {[%emt 0:00:01]} 38. fxe3 {[%emt 0:00:01]} b2 {[%emt 0:00:02]} 39. Qf2 {[%emt 0:00:02]} Qxh3+ {[%emt 0:00:02]} 40. Ke2 {[%emt 0:00:03]} Qxg4+ {[%emt 0:00:07]} 41. Rxg4 {[%emt 0:00:02]} b1=Q {[%emt 0:00:00]} 42. Rd4 {[%emt 0:00:06]} Qc2+ {[%emt 0:00:01]} 43. Rd2 {[%emt 0:00:01]} Qxa4 {[%emt 0:00:01]} 44. Rd3 {[%emt 0:00:02]} Qc4 {[%emt 0:00:01]} 45. Kd2 {[%emt 0:00:02]} Ra8 {[%emt 0:00:03]} 46. Qf3 {[%emt 0:00:15]} Ra2+ {[%emt 0:00:02]} 47. Ke1 {[%emt 0:00:03]} Qxd3 {[%emt 0:00:05]} 48. Qa8+ {[%emt 0:00:04]} Rxa8 {[%emt 0:00:03] Canpawn terk eder (Lag: Av=0.53s, max=1.0s)} 0-1

[Event "Stay Safe Play From Home 342"]
[Site "Emanuel Lasker Arena"]
[Date "2020.07.29"]
[Round "2"]
[White "Don59as"]
[Black "Hickey"]
[Result "0-1"]
[WhiteElo "2007"]
[BlackElo "2157"]
[Annotator "NA"]
[PlyCount "138"]
[EventDate "2020.07.29"]
[EventType "swiss (blitz)"]

1. c4 {[%emt 0:00:06]} Nf6 {[%emt 0:00:02]} 2. Nc3 {[%emt 0:00:01]} c5 {[%emt 0:00:06]} 3. e4 {[%emt 0:00:01]} d6 {[%emt 0:00:04]} 4. g3 {[%emt 0:00:01]} b6 {[%emt 0:00:01]} 5. Bg2 {[%emt 0:00:00]} Bb7 {[%emt 0:00:00]} 6. Nge2 {[%emt 0:00:01]} e6 {[%emt 0:00:03]} 7. O-O {[%emt 0:00:03]} a6 {[%emt 0:00:02]} 8. d4 {[%emt 0:00:06]} cxd4 {[%emt 0:00:01]} 9. Nxd4 {[%emt 0:00:00]} Qc7 {[%emt 0:00:00]} 10. b3 {[%emt 0:00:01]} Be7 {[%emt 0:00:04]} 11. Bb2 {[%emt 0:00:01]} O-O {[%emt 0:00:01]} 12. Rc1 {[%emt 0:00:01]} Nbd7 {[%emt 0:00:01]} 13. Re1 {[%emt 0:00:01]} Rfd8 {[%emt 0:00:00]} 14. Qd2 {[%emt 0:00:01]} Rac8 {[%emt 0:00:01]} 15. h3 {[%emt 0:00:01]} Qb8 {[%emt 0:00:02]} 16. g4 {[%emt 0:00:01]} Bf8 {[%emt 0:00:06]} 17. Nde2 {[%emt 0:00:02]} Bc6 {[%emt 0:00:11]} 18. Ng3 {[%emt 0:00:03]} b5 {[%emt 0:00:04]} 19. cxb5 {[%emt 0:00:08]} axb5 {[%emt 0:00:00]} 20. g5 {[%emt 0:00:03]} Ne8 {[%emt 0:00:03]} 21. Nce2 {[%emt 0:00:16]} Nc5 {[%emt 0:00:10]} 22. Nf4 {[%emt 0:00:23]} Qb7 {[%emt 0:00:09]} 23. Nfh5 {[%emt 0:00:07]} b4 {[%emt 0:00:16]} 24. Qe3 {[%emt 0:00:33]} Ra8 {[%emt 0:00:05]} 25. Ra1 {[%emt 0:00:09]} Ra6 {[%emt 0:00:06]} 26. Nf6+ {[%emt 0:00:14]} Nxf6 {[%emt 0:00:35]} 27. gxf6 {[%emt 0:00:00]} g6 {[%emt 0:00:00]} 28. Bd4 {[%emt 0:00:11]} e5 {[%emt 0:00:09]} 29. Bxc5 {[%emt 0:00:08]} dxc5 {[%emt 0:00:00]} 30. Re2 {[%emt 0:00:16]} Rd4 {[%emt 0:00:03]} 31. Rc2 {[%emt 0:00:05]} Bb5 {[%emt 0:00:05]} 32. Rac1 {[%emt 0:00:06]} Rxf6 {[%emt 0:00:03]} 33. Rxc5 {[%emt 0:00:06]} Rd3 {[%emt 0:00:20]} 34. Qg5 {[%emt 0:00:14]} Re6 {[%emt 0:00:56]} 35. Rc8 {[%emt 0:00:08]} Rd1+ {[%emt 0:00:06]} 36. Kh2 {[%emt 0:00:08]} Rxc1 {[%emt 0:00:02]} 37. Qxc1 {[%emt 0:00:06]} Rc6 {[%emt 0:00:02]} 38. Rxc6 {[%emt 0:00:05]} Bxc6 {[%emt 0:00:01]} 39. Qg5 {[%emt 0:00:03]} Qc7 {[%emt 0:00:12]} 40. Nh5 {[%emt 0:00:04]} Be7 {[%emt 0:00:05]} 41. Qg4 {[%emt 0:00:10]} Bd7 {[%emt 0:00:06]} 42. Qg3 {[%emt 0:00:03]} Kh8 {[%emt 0:00:05]} 43. f4 {[%emt 0:00:11]} gxh5 {[%emt 0:00:01]} 44. fxe5 {[%emt 0:00:02]} Be6 {[%emt 0:00:01]} 45. Qf3 {[%emt 0:00:02]} Qxe5+ {[%emt 0:00:05]} 46. Kh1 {[%emt 0:00:01]} h4 {[%emt 0:00:03]} 47. Qd1 {[%emt 0:00:02]} Bd6 {[%emt 0:00:01]} 48. Kg1 {[%emt 0:00:02]} Bc5+ {[%emt 0:00:04]} 49. Kf1 {[%emt 0:00:00]} Qf4+ {[%emt 0:00:03]} 50. Qf3 {[%emt 0:00:01]} Qxf3+ {[%emt 0:00:01]} 51. Bxf3 {[%emt 0:00:01]} Bxh3+ {[%emt 0:00:00]} 52. Ke2 {[%emt 0:00:00]} Be6 {[%emt 0:00:00]} 53. Kd3 {[%emt 0:00:01]} Be7 {[%emt 0:00:01]} 54. e5 {[%emt 0:00:01]} h3 {[%emt 0:00:00]} 55. Bh1 {[%emt 0:00:01]} Bg5 {[%emt 0:00:02]} 56. Kd4 {[%emt 0:00:01]} Be7 {[%emt 0:00:01]} 57. Ke4 {[%emt 0:00:02]} Kg7 {[%emt 0:00:01]} 58. Kf4 {[%emt 0:00:01]} f6 {[%emt 0:00:02]} 59. exf6+ {[%emt 0:00:01]} Kxf6 {[%emt 0:00:00]} 60. Be4 {[%emt 0:00:00]} Bd6+ {[%emt 0:00:01]} 61. Ke3 {[%emt 0:00:02]} h6 {[%emt 0:00:00]} 62. Bh1 {[%emt 0:00:01]} Kg5 {[%emt 0:00:01]} 63. Ke4 {[%emt 0:00:01]} Kg4 {[%emt 0:00:02]} 64. Kd4 {[%emt 0:00:01]} Kg3 {[%emt 0:00:00]} 65. a4 {[%emt 0:00:03]} Kf2 {[%emt 0:00:00]} 66. a5 {[%emt 0:00:01]} Kg1 {[%emt 0:00:01]} 67. Bc6 {[%emt 0:00:00]} Bb8 {[%emt 0:00:01]} 68. Kc5 {[%emt 0:00:02]} h2 {[%emt 0:00:00]} 69. Kxb4 {[%emt 0:00:02]} Bh3 {[%emt 0:00:00] Time (Lag: Av=0.69s, max=0.9s)} 0-1

[Event "Stay Safe Play From Home 342"]
[Site "Emanuel Lasker Arena"]
[Date "2020.07.29"]
[Round "2"]
[White "Ionelluca"]
[Black "Greblha"]
[Result "0-1"]
[WhiteElo "1972"]
[BlackElo "2003"]
[PlyCount "148"]
[EventDate "2020.07.29"]
[EventType "swiss (blitz)"]

1. c4 {[%emt 0:00:03]} c6 {[%emt 0:00:00]} 2. g3 {[%emt 0:00:02]} d5 {[%emt 0:00:00]} 3. Bg2 {[%emt 0:00:01]} Nf6 {[%emt 0:00:00]} 4. Nf3 {[%emt 0:00:01]} Bg4 {[%emt 0:00:02]} 5. b3 {[%emt 0:00:05]} e6 {[%emt 0:00:01]} 6. d3 {[%emt 0:00:02]} Bb4+ {[%emt 0:00:03]} 7. Bd2 {[%emt 0:00:01]} Qa5 {[%emt 0:00:03]} 8. a3 {[%emt 0:00:03]} Bxd2+ {[%emt 0:00:04]} 9. Nbxd2 {[%emt 0:00:04]} O-O {[%emt 0:00:01]} 10. O-O {[%emt 0:00:02]} Nbd7 {[%emt 0:00:01]} 11. Qc2 {[%emt 0:00:06]} Rfd8 {[%emt 0:00:03]} 12. Rfe1 {[%emt 0:00:03]} Rac8 {[%emt 0:00:02]} 13. Rab1 {[%emt 0:00:07]} b5 {[%emt 0:00:01]} 14. b4 {[%emt 0:00:22]} Qxa3 {[%emt 0:00:11]} 15. c5 {[%emt 0:00:12]} Qa6 {[%emt 0:00:07]} 16. Ra1 {[%emt 0:00:04]} Qb7 {[%emt 0:00:01]} 17. Ra5 {[%emt 0:00:01]} a6 {[%emt 0:00:01]} 18. Rea1 {[%emt 0:00:02]} Nb8 {[%emt 0:00:01]} 19. h3 {[%emt 0:00:03]} Bh5 {[%emt 0:00:01]} 20. g4 {[%emt 0:00:01]} Bg6 {[%emt 0:00:01]} 21. Ne5 {[%emt 0:00:01]} Nfd7 {[%emt 0:00:01]} 22. f4 {[%emt 0:00:05]} f6 {[%emt 0:00:01]} 23. Nxg6 {[%emt 0:00:02]} hxg6 {[%emt 0:00:01]} 24. Nb3 {[%emt 0:00:07]} e5 {[%emt 0:00:09]} 25. e4 {[%emt 0:00:10]} d4 {[%emt 0:00:14]} 26. f5 {[%emt 0:00:10]} g5 {[%emt 0:00:04]} 27. Nd2 {[%emt 0:00:04]} Kf7 {[%emt 0:00:12]} 28. Nf3 {[%emt 0:00:01]} Rh8 {[%emt 0:00:02]} 29. Qa2+ {[%emt 0:00:02]} Kf8 {[%emt 0:00:09]} 30. Qe6 {[%emt 0:00:05]} Re8 {[%emt 0:00:02]} 31. Qd6+ {[%emt 0:00:01]} Kf7 {[%emt 0:00:12]} 32. Kf2 {[%emt 0:00:06]} Re7 {[%emt 0:00:06]} 33. h4 {[%emt 0:00:09]} gxh4 {[%emt 0:00:03]} 34. g5 {[%emt 0:00:02]} h3 {[%emt 0:00:07]} 35. Rh1 {[%emt 0:00:02]} Nf8 {[%emt 0:00:14]} 36. Qd8 {[%emt 0:00:35]} Rd7 {[%emt 0:00:26]} 37. g6+ {[%emt 0:00:04]} Kg8 {[%emt 0:00:02]} 38. Qe8 {[%emt 0:00:03]} Re7 {[%emt 0:00:09]} 39. Qd8 {[%emt 0:00:02]} Qc7 {[%emt 0:00:13]} 40. Qxc7 {[%emt 0:00:02]} Rxc7 {[%emt 0:00:01]} 41. Bxh3 {[%emt 0:00:06]} Rh6 {[%emt 0:00:02]} 42. Kg3 {[%emt 0:00:06]} Nfd7 {[%emt 0:00:01]} 43. Rha1 {[%emt 0:00:02]} Kf8 {[%emt 0:00:02]} 44. Bg4 {[%emt 0:00:02]} Ke7 {[%emt 0:00:02]} 45. Bh3 {[%emt 0:00:01]} Rc8 {[%emt 0:00:01]} 46. Bg2 {[%emt 0:00:01]} Rch8 {[%emt 0:00:01]} 47. Rb1 {[%emt 0:00:02]} Nf8 {[%emt 0:00:02]} 48. Rba1 {[%emt 0:00:02]} Rh5 {[%emt 0:00:02]} 49. Rxa6 {[%emt 0:00:02]} Nxa6 {[%emt 0:00:02]} 50. Rxa6 {[%emt 0:00:01]} Kd7 {[%emt 0:00:05]} 51. Ra7+ {[%emt 0:00:01]} Kd8 {[%emt 0:00:03]} 52. Ra8+ {[%emt 0:00:03]} Ke7 {[%emt 0:00:01]} 53. Rc8 {[%emt 0:00:03]} Kd7 {[%emt 0:00:01]} 54. Ra8 {[%emt 0:00:02]} Nxg6 {[%emt 0:00:03]} 55. Ra7+ {[%emt 0:00:03]} Kc8 {[%emt 0:00:08]} 56. fxg6 {[%emt 0:00:01]} f5 {[%emt 0:00:04]} 57. Nxe5 {[%emt 0:00:11]} fxe4 {[%emt 0:00:08]} 58. Nf7 {[%emt 0:00:07]} Re8 {[%emt 0:00:18]} 59. Nd6+ {[%emt 0:00:01]} Kb8 {[%emt 0:00:01]} 60. Rb7+ {[%emt 0:00:08]} Ka8 {[%emt 0:00:02]} 61. Rxg7 {[%emt 0:00:03]} Rg5+ {[%emt 0:00:06]} 62. Kh2 {[%emt 0:00:02]} Rxg2+ {[%emt 0:00:01]} 63. Kxg2 {[%emt 0:00:02]} exd3 {[%emt 0:00:00]} 64. Nxb5 {[%emt 0:00:14]} Re2+ {[%emt 0:00:05]} 65. Kf3 {[%emt 0:00:04]} Re3+ {[%emt 0:00:02]} 66. Kf2 {[%emt 0:00:01]} d2 {[%emt 0:00:00]} 67. Rg8+ {[%emt 0:00:03]} Kb7 {[%emt 0:00:02]} 68. Rg7+ {[%emt 0:00:03]} Kb8 {[%emt 0:00:02]} 69. Rg8+ {[%emt 0:00:02]} Kb7 {[%emt 0:00:01]} 70. Rg7+ {[%emt 0:00:01]} Kc8 {[%emt 0:00:01]} 71. Rg8+ {[%emt 0:00:01]} Kd7 {[%emt 0:00:02]} 72. Rg7+ {[%emt 0:00:01]} Ke6 {[%emt 0:00:01]} 73. Nxd4+ {[%emt 0:00:02]} Kf6 {[%emt 0:00:01]} 74. Rf7+ {[%emt 0:00:02]} Kxg6 {[%emt 0:00:02] Time (Lag: Av=0.54s, max=1.2s)} 0-1